• 首页
  • 本馆介绍
  • 公告通知
  • 最新文献
  • 馆藏检索
  • 电子资源
  • 读者导购
  • 参考咨询
  • 我的图书馆
  • 登录
  • 详细信息显示
  • 放入我的书架
  • 预约/预借图书
  • 作者相关作品
  • 分类相关作品
  • 丛书相关作品
  • 出版社相关作品

书目信息

  • 表格格式
  • 工作单格式
  • 卡片格式
题名:
城市生态河流规划设计
    
 
作者: 牛贺道 著
分册:  
出版信息: 北京   中国水利水电出版社  2017.08
页数: 338页
开本: 26cm
丛书名:
单 册:
中图分类: TV212.4
科图分类:
主题词: 城市--河流--水利规划
电子资源:
ISBN: 978-7-5170-5769-7
000 00952nam0 2200217 450
001 3578
005 20181008090535.17
010    @a978-7-5170-5769-7@dCNY85.00
100    @a20171018d2017 em y0chiy50 ea
101 0  @achi
102    @aCN@b110000
105    @aa z 000yy
200 1  @a城市生态河流规划设计@9cheng shi sheng tai he liu gui hua she ji@f牛贺道著
210    @a北京@c中国水利水电出版社@d2017.08
215    @a338页@c图@d26cm
330    @a本书共11章,第1~3章分析河流与城市之间的密切关系,论述城市河流的功能、河流治理工程任务、河流健康的评价方法与指标体系,第4、5章叙述城市水系规划的目标、内容、布局与指标,并进行城市河流空间分析,第6~11章论述更新治水理念,将生态与文化融入水利工程,做好涉水专业之间的协调,设计一条自然生态并且可人的河流,以实现人水关系的和谐与河流的健康发展。
606 0  @a城市@x河流@x水利规划
690    @aTV212.4@v5
701  0 @a牛贺道@9niu he dao@4著
801  0 @aCN@b91MARC@c20171018
905    @aMuseLib@dTV212.4@e80
    
    城市生态河流规划设计/牛贺道著.-北京:中国水利水电出版社,2017.08
    338页:图;26cm
    
    
    ISBN 978-7-5170-5769-7:CNY85.00
    本书共11章,第1~3章分析河流与城市之间的密切关系,论述城市河流的功能、河流治理工程任务、河流健康的评价方法与指标体系,第4、5章叙述城市水系规划的目标、内容、布局与指标,并进行城市河流空间分析,第6~11章论述更新治水理念,将生态与文化融入水利工程,做好涉水专业之间的协调,设计一条自然生态并且可人的河流,以实现人水关系的和谐与河流的健康发展。
●
相关链接 在E读中查询图书 在五车中查询图书 在当当中查询图书 在豆瓣中查询图书


正题名:城市生态河流规划设计     索取号:TV212.4/80         预约/预借

序号 登录号 条形码 馆藏地/架位号 状态 备注
1 1122692   211226920   第二样本阅览室/ [索取号:TV212.4/80] 在馆    
2 1122693   211226939   第三借阅区/ [索取号:TV212.4/80] 在馆    
3 1122694   211226948   第三借阅区/ [索取号:TV212.4/80] 在馆    
4 1122695   211226957   第三借阅区/ [索取号:TV212.4/80] 在馆    
5 1122696   211226966   密集书库-资源管理系/ [索取号:TV212.4/80] 在馆    
唐山师范学院图书馆 欢迎您!
大连网信软件有限公司© 版权所有